Comuni della Lombardia - Quiz n°4 - Statistics

Statistiche generali
  • Questo quiz è stato fatto 15 volte
    11 dall'ultimo reset
  • Il punteggio medio è 117 su 309
Statistiche sulle risposte
Provincia Comune % Corretto
Lecco
100%
Como
86%
Sondrio
86%
Valmadrera
86%
Lecco Abbadia Lariana
71%
Bormio
71%
Calolziocorte
71%
Cantù
71%
Cernobbio
71%
Chiesa in Valmalenco
71%
Colico
71%
Mandello del Lario
71%
Molteno
71%
Morbegno
71%
Tirano
71%
Airuno
57%
Aprica
57%
Ardenno
57%
Arosio
57%
Asso
57%
Barzio
57%
Bellagio
57%
Bellano
57%
Berbenno di Valtellina
57%
Bulciago
57%
Campodolcino
57%
Canzo
57%
Cassina Valsassina
57%
Cermenate
57%
Chiavenna
57%
Chiuro
57%
Civate
57%
Civo
57%
Costa Masnaga
57%
Delebio
57%
Dervio
57%
Domaso
57%
Dongo
57%
Dorio
57%
Dubino
57%
Erve
57%
Esino Lario
57%
Faedo Valtellino
57%
Garlate
57%
Garzeno
57%
Gordona
57%
Grosio
57%
Grosotto
57%
Introbio
57%
Inverigo
57%
Lierna
57%
Livigno
57%
Livo
57%
Lomazzo
57%
Lovero
57%
Lurago d'Erba
57%
Madesimo
57%
Mazzo di Valtellina
57%
Mello
57%
Menaggio
57%
Merate
57%
Mese
57%
Montagna in Valtellina
57%
Monte Marenzo
57%
Nibionno
57%
Novate Mezzola
57%
Novedrate
57%
Oggiono
57%
Olgiate Molgora
57%
Lecco Olginate
57%
Pescate
57%
Pianello del Lario
57%
Prata Camportaccio
57%
Primaluna
57%
Rogeno
57%
Samolaco
57%
San Giacomo Filippo
57%
Santa Maria Hoé
57%
Sernio
57%
Sondalo
57%
Teglio
57%
Torre di Santa Maria
57%
Traona
57%
Tresivio
57%
Valdidentro
57%
Valdisotto
57%
Valfurva
57%
Valgreghentino
57%
Val Masino
57%
Vercurago
57%
Viilla di Chiavenna
57%
Villa di Tirano
57%
Sondrio Albaredo per San Marco
43%
Albosaggia
43%
Andalo Valtellino
43%
Annone di Brianza
43%
Anzano del Parco
43%
Ballabio
43%
Barzanò
43%
Bema
43%
Bianzone
43%
Bosisio Parini
43%
Brenna
43%
Brivio
43%
Buglio in Monte
43%
Caiolo
43%
Calco
43%
Carenno
43%
Caslino d'Erba
43%
Cassago Brianza
43%
Castello di Brianza
43%
Castione Andevenno
43%
Cedrasco
43%
Cercino
43%
Cernusco Lombardone
43%
Cesana Brianza
43%
Cino
43%
Colorina
43%
Cortenova
43%
Cosio Valtellino
43%
Crandola Valsassina
43%
Cucciago
43%
Dazio
43%
Dosso del Liro
43%
Ello
43%
Erba
43%
Eupilio
43%
Fino Mornasco
43%
Forcola
43%
Fusine
43%
Galbiate
43%
Garbagnate Monastero
43%
Gera Lario
43%
Gerola Alta
43%
Gravedona ed Uniti
43%
Lanzada
43%
Lipomo
43%
Mantello
43%
Margno
43%
Mariano Comense
43%
Merone
43%
Missaglia
43%
Moggio
43%
Moltrasio
43%
Oliveto Lario
43%
Osnago
43%
Paderno d'Adda
43%
Pagnona
43%
Pedesina
43%
Perledo
43%
Piantedo
43%
Piateda
43%
Piuro
43%
Poggiridenti
43%
Ponte in Valtellina
43%
Porlezza
43%
Postalesio
43%
Premana
43%
Rasura
43%
Robbiate
43%
San Fermo della Battaglia
43%
San Siro
43%
Sorico
43%
Spriana
43%
Suello
43%
Taceno
43%
Talamona
43%
Tartano
43%
Tovo di Sant'Agata
43%
Trezzone
43%
Valbrona
43%
Valvarrone
43%
Varenna
43%
Vercana
43%
Verceia
43%
Vervio
43%
Como Albavilla
29%
Albese con Cassano
29%
Alserio
29%
Alta Valle Intelvi
29%
Appiano Gentile
29%
Argegno
29%
Barni
29%
Bene Lario
29%
Caglio
29%
Campione d'Italia
29%
Capiago Intimiano
29%
Carbonate
29%
Carimate
29%
Carlazzo
29%
Carugo
29%
Casargo
29%
Casatenovo
29%
Caspoggio
29%
Castello dell'Acqua
29%
Castelmarte
29%
Cavargna
29%
Centro Valle Intelvi
29%
Colle Brianza
29%
Cremeno
29%
Cremia
29%
Grandate
29%
Grandola ed Uniti
29%
Laglio
29%
Laino
29%
Lambrugo
29%
La Valletta Brianza
29%
Lezzeno
29%
Limido Comasco
29%
Locate Varesino
29%
Lurate Caccivio
29%
Magreglio
29%
Malgrate
29%
Montemezzo
29%
Morterone
29%
Musso
29%
Como Olgiate Comasco
29%
Orsenigo
29%
Parlasco
29%
Pasturo
29%
Peglio
29%
Ponte Lambro
29%
Pusiano
29%
Rogolo
29%
Rovellasca
29%
Sala Comacina
29%
San Bartolomeo Val Cavargna
29%
San Nazzaro Val Cavargna
29%
Senna Comasco
29%
Sirone
29%
Sirtori
29%
Sormano
29%
Sueglio
29%
Tavernerio
29%
Tremezzina
29%
Turate
29%
Uggiate-Trevano
29%
Valsolda
29%
Verderio
29%
Vertemate con Minoprio
29%
Viganò
29%
Zelbio
29%
Alzate Brianza
14%
Barzago
14%
Blevio
14%
Bregnano
14%
Brienno
14%
Brunate
14%
Bulgarograsso
14%
Cabiate
14%
Cadorago
14%
Carate Urio
14%
Cerano d'Intelvi
14%
Cirimido
14%
Claino con Osteno
14%
Colonno
14%
Colverde
14%
Cusino
14%
Dizzasco
14%
Dolzago
14%
Faggeto Lario
14%
Faloppio
14%
Fenegrò
14%
Figino Serenza
14%
Guanzate
14%
Imbersago
14%
Lasnigo
14%
Lomagna
14%
Longone al Segrino
14%
Lurago Marinone
14%
Maslianico
14%
Monguzzo
14%
Montevecchia
14%
Monticello Brianza
14%
Mozzate
14%
Nesso
14%
Oltrona di San Mamette
14%
Plesio
14%
Ponna
14%
Proserpio
14%
Ronago
14%
Rovello Porro
14%
Solbiate con Cagno
14%
Stazzona
14%
Valmorea
14%
Val Rezzo
14%
Veleso
14%
Albiolo
0%
Beregazzo con Figliaro
0%
Binago
0%
Bizzarone
0%
Blessagno
0%
Casnate con Bernate
0%
Cassina Rizzardi
0%
Castelnuovo Bozzente
0%
Corrido
0%
Cremella
0%
Griante
0%
Luisago
0%
Montano Lucino
0%
Montorfano
0%
Pigra
0%
Pognana Lario
0%
Rezzago
0%
Rodero
0%
Schignano
0%
Torno
0%
Veniano
0%
Villa Guardia
0%
Nessun quiz corrispondente trovato
Distribuzione punteggi
Percentuale di utenti per punteggio
Percentile per numero di risposta
I tuoi punteggi nel tempo
Non hai fatto questo quiz dall'ultimo reset